000 01171ngm a22003970a 4500
001 PT14838
003 AR-LpoUNG
005 20210201235943.0
007 vd cvaizq
008 191001ss. f||||ag |||||||||||||||||spa d
037 _c$11.70
040 _aAR-LpoUNG
_bspa
_cAR-LpoUNG
_eaacr
041 _aspa
044 _aag
082 0 _a980.004 379qui
100 1 _aMartinchuk, Ernesto
_edir.
245 1 4 _aLos Quilmes :
_bla última resistencia
260 _aBuenos Aires :
_bBlackman,
_cs. f..
300 _aVHS (42 min.) : son., col.
520 _aLos indios Quilmes fueron los ultimos en perder su libertad como individuos, su independencia como nación y su identidad como grupo étnico. Finalmente fueron vencidos, no militarmente sino por asedio, falta de agua y comida.
650 4 _aARGENTINA
650 4 _aGRUPOS ETNICOS
650 4 _aGUERRA
650 4 _aHISTORIA
650 4 _aIDENTIDAD CULTURAL
650 4 _aINDIGENAS
650 4 _aINDIOS
650 4 _aLIBERTAD
651 4 _aArgentina
653 _aDOCUMENTALES
653 _aVHS
653 _aVIDEOS
700 1 _aRube, Guillermo
_edir.
905 _a14838
942 _cVIDEO
999 _c53836
_d53836